- Personas con discapacidad
Entry Materia
001 - NÚMERO DE CONTROL DEL REGISTRO
- campo de control: 16393
003 - IDENTIFICADOR DE NUMERO DE CONTROL
- campo de control: UPN
005 - FECHA Y HORA DE LA ÚLTIMA TRANSACCIÓN
- campo de control: 20240906111020.0
008 - DATOS DE LONGITUD FIJA
- campo de control de longitud fija: s2006 r 000 0 spa d
010 ## - NÚMERO DE CONTROL DE LA BIBLIOTECA DEL CONGRESO (LC)
- LC control number: sh 85058663
035 ## - NÚMERO DE CONTROL DEL SISTEMA
- Número de control del sistema: UPN10000016401
040 ## - FUENTE DE LA CATALOGACIÓN
- Centro catalogador de origen: DLC
- Lengua de catalogación: spa
- Agencia de transcripción: UPN
053 ## - NÚMERO CLASIFICADOR - BIBLIOTECA DEL CONGRESO (LC)
- Elemento numérico de la clasificación - Número único o no. inicial del rango: HV1551
- Elemento numérico de la clasificación - Número único o no. final del rango: HV3024
150 ## - ENCABEZAMIENTO - TEMÁTICO
- Término de materia o nombre geográfico como elemento inicial: Personas con discapacidad
450 ## - VÉASE - MATERIA
- Subcampo de control: nne
- Encabezamiento temático: Lisiados
450 ## - VÉASE - MATERIA
- Encabezamiento temático: Minusválidos
450 ## - VÉASE - MATERIA
- Encabezamiento temático: Personas minusválidas
450 ## - VÉASE - MATERIA
- Encabezamiento temático: Individuos con discapacidades
450 ## - VÉASE - MATERIA
- Encabezamiento temático: Personas con discapacidades físicas
450 ## - VÉASE - MATERIA
- Encabezamiento temático: Personas con problemas físicos
450 ## - VÉASE - MATERIA
- Encabezamiento temático: Personas con discapacidad física
450 ## - VÉASE - MATERIA
- Subcampo de control: nne
- Encabezamiento temático: Discapacitados físicos
450 #0 - VÉASE - MATERIA
- Encabezamiento temático: People with disabilities
550 ## - VÉASE ADEMÁS - MATERIA
- Subcampo de control: g
550 ## - VÉASE ADEMÁS - MATERIA
- Encabezamiento temático o nombre geográfico como elemento de entrada: Discapacidad
550 ## - VÉASE ADEMÁS - MATERIA
- Encabezamiento temático o nombre geográfico como elemento de entrada: Sociología de la discapacidad
550 ## - VÉASE ADEMÁS - MATERIA
- Encabezamiento temático o nombre geográfico como elemento de entrada: Personas
670 ## - FUENTE EN LA QUE SE LOCALIZARON DATOS
- Cita de la fuente: Biblioteca del Congreso (Estados Unidos), 01 abril 2010 :
- Información localizada: Catálogo electrónico (People with disabilities)
680 ## - NOTA GENERAL CON DESPLIEGUE PÚBLICO
- Texto explicativo: Ejemplo bajo
- Encabezamiento: Minorías
750 #0 - ASIENTO LIGADO AL ENCABEZAMIENTO - TÉRMINO TEMÁTICO
- Encabezamiento temático: People with disabilities
- Número de control del registro: sh 85058663
902 ## - CATALOGADOR
- Catalogador: BDV/BDV/OGM
